Учебник выживания. 150 способов спастись в экстремальных ситуациях: пер. с англ.

Bibliografske podrobnosti
Glavni avtor: Джонсон К. Клайв
Izvleček:Каждого человека в жизни могут подстерегать опасные ситуации, угрожающие не только его благополучию, но и здоровью. Чтобы выжить в экстремальных условиях, необходимо четко осознавать, как следует вести себя в такие моменты. Эта книга снабдит вас необходимыми знаниями и расскажет, как и в каких случаях следует пользоваться ими.
Jezik:ruščina
Izdano: Москва, Мир книги, 2006
Teme:
Format: Knjiga
KOHA link:https://koha.lib.tpu.ru/cgi-bin/koha/opac-detail.pl?biblionumber=114014

MARC

LEADER 00000nam0a2200000 4500
001 114014
005 20231031122058.0
010 |a 5486002823 
035 |a (RuTPU)RU\TPU\book\123291 
090 |a 114014 
100 |a 20070418d2006 m y0rusy50 ca 
101 1 |a rus  |c eng 
102 |a RU 
105 |a a z 000zy 
200 1 |a Учебник выживания. 150 способов спастись в экстремальных ситуациях  |e пер. с англ.  |f К. Джонсон 
210 |a Москва  |c Мир книги  |d 2006 
215 |a 320 с.  |c ил. 
330 |a Каждого человека в жизни могут подстерегать опасные ситуации, угрожающие не только его благополучию, но и здоровью. Чтобы выжить в экстремальных условиях, необходимо четко осознавать, как следует вести себя в такие моменты. Эта книга снабдит вас необходимыми знаниями и расскажет, как и в каких случаях следует пользоваться ими. 
610 1 |a популярная литература 
610 1 |a жизнедеятельность 
610 1 |a безопасность жизнедеятельности 
610 1 |a выживание 
610 1 |a экстремальные условия 
610 1 |a горы 
610 1 |a пустыни 
610 1 |a полюса 
610 1 |a моря 
610 1 |a тропический пояс 
610 1 |a природные катастрофы 
610 1 |a навигация 
610 1 |a первая помощь 
675 |a 087:61  |v 3 
700 1 |a Джонсон  |b К.  |g Клайв 
801 1 |a RU  |b 63413507  |c 20070418  |g PSBO 
801 2 |a RU  |b 63413507  |c 20200827  |g PSBO 
942 |c BK